| 000 | 00507nam a2200181 a 4500 | ||
|---|---|---|---|
| 001 | 6284 | ||
| 003 | CO-ViMGA | ||
| 008 | 141112s2004 ck r 000 u spa d | ||
| 040 |
_aCO-ViMGA _bspa _cCO-ViMGA |
||
| 082 | 0 | 4 | _a658.8 O77 |
| 100 | 1 |
_aOtt, Richars _94973 |
|
| 245 | 1 | 0 |
_aCómo crear demanda : _bclaves y tácticas efectivos para comercializar su producto o servicio |
| 260 |
_aBarcelona : _bGranica, _c1993 |
||
| 300 | _a362 p | ||
| 490 | _aManagement | ||
| 650 | 1 | 4 | _aMERCADOTECNIA |
| 942 |
_2ddc _cBK |
||
| 999 |
_c18256 _d18256 |
||